Statistiken für Harry Potter-Charaktere nach Bildschirmzeit

Klicken Sie hier um das Quiz zu spielen!

Allgemein

  • Dieses Quiz wurde 5.404 mal gespielt
  • Das Durchschnittsergebnis liegt bei 17 aus 25

Antwortstatistiken

MinutenCharakter% Korrekt
539:15Harry Potter
100%
205:00Hermione Granger
100%
211:45Ron Weasley
100%
77:15Albus Dumbledore
96%
43:15Severus Snape
95%
37:15Lord Voldemort
93%
31:30Draco Malfoy
88%
45:45Rubeus Hagrid
86%
20:45Sirius Black
85%
19:30Fred Weasley
82%
28:45Minerva McGonagall
82%
30:15Ginny Weasley
81%
20:00George Weasley
80%
28:15Neville Longbottom
76%
26:00Remus Lupin
75%
17:15Luna Lovegood
68%
10:30Bellatrix Lestrange
67%
15:15Lucius Malfoy
62%
11:15Dobby
58%
15:45Arthur Weasley
46%
16:00Dolores Umbridge
39%
11:00Vernon Dursley
38%
10:30Gilderoy Lockhart
18%
18:45Horace Slughorn
16%
16:15Barty Crouch Jr
13%

Verteilung der Resultate

Perzentil nach korrekt beantworteten Fragen

Anzahl Personen mit jedem Resultat

Ihre Resultats-Entwicklung

Sie haben dieses Quiz noch nicht gespielt